IB Geography Quiz Core - Statistics

General Stats
  • This quiz has been taken 19 times
  • The average score is 4 of 10
Answer Stats
Question Answer % Correct
People work in the city, or another country for better paid work. They then send the money back home to their family in a rural area. Remittance
78%
What word described how a population tends to continue growing even after fertility rates have declined? Population Momentum
50%
What is the aquatic slum in Lagos called Mokoko
44%
Which of these are NOT a part of the USA's Trafficking and Violence Protection act Preperation
44%
Which of these facts are true? 12.1 Million people are food insecure.
28%
What is the formula for doubling time? 70/Annual growth rate
28%
Which country has 11% of their country's population living on 0.5% of its land. China
28%
By 2017 how many megacities were there 32
22%
Which country has the most youthful population? Central African Republic
22%
What is STG 11? Responsible Consumption and production
22%
No matching quizzes found
Score Distribution
Percent of People with Each Score
Percentile by Number Answered
Your Score History
You have not taken this quiz